000 00457nam a22001817a 4500
003 koha_MIRAKIL
005 20231213095840.0
008 231213b |||||||| |||| 00| 0 ||| d
020 _b978-9-75013638-2
040 _aTR-IsEVY
_btur
_cTR-IsEVY
082 _a510.3 OLK/R
100 _aOlkun, Sinan.
245 0 _aResimli matematik terimleri sözlüğü.
260 _bMaya Akademi,
_c2007
300 _a221
650 _aMatematik.
942 _2ddc
_cBK
999 _c10453
_d10453